Govt. of
Madhya Pradesh

गीत के नए चरण (Record no. 64626)

MARC details
000 -LEADER
fixed length control field 00324nam a2200109Ia 4500
008 - FIXED-LENGTH DATA ELEMENTS--GENERAL INFORMATION
fixed length control field 221009s9999 xx 000 0 und d
082 ## - DEWEY DECIMAL CLASSIFICATION NUMBER
Classification number 891.431
100 ## - MAIN ENTRY--PERSONAL NAME
Personal name प्रियदर्शी
245 #0 - TITLE STATEMENT
Title गीत के नए चरण
260 ## - PUBLICATION, DISTRIBUTION, ETC. (IMPRINT)
Name of publisher, distributor, etc. साहित्‍य कला केन्‍द्र
942 ## - ADDED ENTRY ELEMENTS (KOHA)
Koha item type Books

No items available.